Statistics for Countries Closest to Myanmar - One Minute Sprint

Click here to take the quiz!

General Stats

  • This quiz has been taken 35 times
  • The average score is 16 of 20

Answer Stats

kmcountrymiles% Correct
0Bangladesh0
100%
324Cambodia201
100%
0China0
100%
0Laos0
100%
0India0
96%
405Malaysia252
96%
126Vietnam78
96%
297Bhutan185
92%
539Indonesia335
92%
0Thailand0
92%
590Nepal366
85%
1109Singapore689
85%
2055Philippines1277
77%
1780Brunei1106
73%
1994Pakistan1239
73%
1629Sri Lanka1012
73%
1767Taiwan1098
69%
1576Mongolia979
58%
2179Kazakhstan1354
19%
2170Kyrgyzstan1348
19%

Score Distribution

Percentile by Number Answered

Percent of People with Each Score

Your Score History

You have not taken this quiz